Ładuje się......
Flash 8 And Action Script Bible
| 1. autor: | |
|---|---|
| Format: | Printed Book |
| Wydane: |
Wiley India
2006
|
| Hasła przedmiotowe: |
| LEADER | 00427nam a2200133 4500 | ||
|---|---|---|---|
| 082 | |a 006.6 | ||
| 100 | |a Lott , Joey | ||
| 245 | |a Flash 8 And Action Script Bible |c Joey Lott |h [Text] | ||
| 260 | |b Wiley India |c 2006 | ||
| 300 | |a Paper back | ||
| 650 | 0 | |a Computer graphics | |
| 942 | |c BK | ||
| 999 | |c 83661 |d 83661 | ||
| 952 | |0 0 |1 0 |4 0 |6 006_600000000000000 |7 0 |9 75918 |a SOCS |b SOCS |d 2015-06-11 |g 449.00 |l 0 |o 006.6 |p SOCS2974 |r 2015-06-11 |w 2015-06-11 |y BK | ||